| 000 | 00581nam a22002297a 4500 | ||
|---|---|---|---|
| 999 |
_c379073 _d379073 |
||
| 001 | 93070 | ||
| 003 | UA-OsUOA | ||
| 005 | 20191219101403.0 | ||
| 007 | ta | ||
| 008 | 20130114b un ||||| |||| 00| 0 ukr d | ||
| 040 |
_aUA-OsUOA _bukr _cUA-OsUOA _dUA-OsUOA |
||
| 041 | _aukr | ||
| 080 | _a821.133.1 | ||
| 090 |
_a821.133.1 _bБ24 |
||
| 100 | _aБарбюс А. | ||
| 245 |
_aВогонь _bроман |
||
| 260 |
_aК. _bДніпро _c1969 |
||
| 300 | _a338 с. | ||
| 650 | 7 |
_a82 Література. Літературознавство _2UDC |
|
| 942 |
_cBK _2udc |
||
| 955 | _a3 | ||